000 00449nam a2200145Ia 4500
008 090124s9999 xx 000 0 und d
082 _b134528
245 _a आदिम प्रकाशचित्रे
250 _a1
260 _bकटरे लखनसिंह
_c2004
300 _a32
630 _a आदिम प्रकाशचित्रे
730 _a आदिम प्रकाशचित्रे
942 _cBOOK
999 _c188556
_d188556